[Event "Kaltern Trophy-B 2nd"]
[Site "Kaltern"]
[Date "2017.10.27"]
[Round "1"]
[White "Auer, Max"]
[Black "Feichter, Matthias"]
[Result "0-1"]
[WhiteElo "1863"]
[BlackElo "1631"]
[PlyCount "110"]
[EventDate "2017.10.27"]
[EventType "swiss"]
[EventRounds "5"]
[EventCountry "ITA"]
[SourceTitle "CBM 181 Extra"]
[Source "ChessBase"]
[SourceDate "2017.12.12"]
[SourceVersion "1"]
[SourceVersionDate "2017.12.12"]
[SourceQuality "1"]

1. e4 c5 2. Nf3 d6 3. Nc3 Nf6 4. Bc4 e6 5. 0-0 Be7 6. d4 cxd4 7. Nxd4 a6 8. a4 0-0 9. Re1 Qc7 10. Bd3 Nc6 11. Nf3 Nb4 12. Bd2 Nxd3 13. cxd3 e5 14. h3 h6 15. Rc1 Qb6 16. b3 Be6 17. Rb1 Rac8 18. Be3 Qd8 19. Ne2 Qd7 20. Kh2 b5 21. axb5 Qxb5 22. d4 Nxe4 23. dxe5 dxe5 24. Rb2 f6 25. Qb1 f5 26. Nfg1 Bb4 27. Rf1 Rfd8 28. f3 Nd2 29. Bxd2 Bxd2 30. Rd1 Be3 31. Rxd8+ Rxd8 32. Nc3 Qb4 33. Nge2 Qd6 34. g3 Ba7 35. b4 Qb6 36. Ng1 g6 37. Qf1 Kg7 38. Na4 Qb5 39. Qxb5 axb5 40. Nc5 Bc4 41. Rc2 Bxc5 42. bxc5 Rc8 43. Ne2 Rxc5 44. Nc1 Rc8 45. Nd3 e4 46. fxe4 fxe4 47. Nf4 Re8 48. Kg2 Kf6 49. Kf2 e3+ 50. Ke1 Kf5 51. Ng2 Ke4 52. Nf4 Rf8 53. Rxc4+ bxc4 54. Kd1 Rxf4 55. gxf4 Kxf4 0-1